| 000 | 00876nam a22002057a 4500 | ||
|---|---|---|---|
| 999 |
_c57766 _d57766 |
||
| 005 | 20221108132903.0 | ||
| 008 | 201105s2019 enk||||| |||| 00| 0 eng d | ||
| 020 | _a9783030169800x | ||
| 041 | _aeng | ||
| 080 | _a338.22 T-79 | ||
| 245 |
_aTourist Destination Management : _b Instruments, Products, and Case Studies _cNazmi Kozak (Editor), Metin Kozak (Editor). |
||
| 264 |
_aIzmir : _bSpringer, _c2019. |
||
| 300 |
_a324 p.; _b24 cm. |
||
| 653 | _aტურისტული დანიშნულების მენეჯმენტი | ||
| 653 | _aინსტრუმენტები, პროდუქტები და საქმის შესწავლა | ||
| 653 | _aეკონომიკა | ||
| 700 |
_aKozak, Nazmi _eრედაქტორი _99724 |
||
| 700 |
_aKozak, Metin _eრედაქტორი _99725 |
||
| 942 |
_2udc _cBK |
||